• Bach Johann Sebastian

di Personal Name

Records bibliografici associati: 1

001 - CONTROL NUMBER

  • control field: 19041

003 - CONTROL NUMBER IDENTIFIER

  • control field: IT-RoPau

005 - DATE AND TIME OF LATEST TRANSACTION

  • control field: 20140406211605.0

008 - FIXED-LENGTH DATA ELEMENTS

  • fixed length control field: 140406|| aca||aabn | a|a d

040 ## - CATALOGING SOURCE

  • Original cataloging agency: IT-RoPau
  • Transcribing agency: IT-RoPau

100 ## - HEADING--PERSONAL NAME

  • Personal name: Bach Johann Sebastian
  • Miscellaneous information: Codice autore musica SPICS: 9695
  • Relator term: Autore musica
  • Name of part/section of a work: Passacaglia e fuga in do min BWV 582 - Aria spirituale vieni, dolce morte - Corale Gesù rimani con noi dalla cantana BWV 147 - Aria sulla quarta corda - Corale Ich Ruf' Zu Dir, Herr Jesu Christ BWV 639 - Corale vieni salvatore dei pagani BWV 661 - Preludio e fuga in la minore BWV 543

670 ## - SOURCE DATA FOUND

  • Source citation: Work cat.: (IT-RoPau)100172: AA.VV. 794, Organo in concerto
CREDITS: SOCIETA' SAN PAOLO Via A.Severo, 58 - ROMA (RM) & PERIODICI SAN PAOLO SRL Via Giotto, 36 MILANO & CISF Via Giotto, 36 MILANO & EDIZIONI SAN PAOLO SRL,  Piazza Soncino, 5 CINISELLO BALSAMO (MI) -- ITALY